000 00400nam a2200157Ia 4500
008 221030s9999 xx 000 0 und d
020 _a9789388267564
041 _aEnglish
100 _aN. V. Paranjape
245 0 _aIndian Penal Code 4th Ed.
_cby N. V. Paranjape
250 _a4th
260 _bCentral Law Publications
_aPrayagraj
_c2022
300 _a956
650 _aPenal Code
942 _cBK
999 _c18893
_d18893